000 00739nam a2200241 i 4500
001 8483
003 ES-MaACL
005 20230906145451.0
007 t|
008 920707s1991 sp ||||1| spa d
020 _a84-7039-615-3
080 _a86-146.2(082.2)
245 0 0 _aCancionero tradicional /
_cedición, introducción y notas de José María Alín.
260 _aMadrid :
_bCastalia,
_cD.L. 1991.
300 _a587 p., [8] p. de lám. ;
_c18 cm.
490 1 _aClásicos Castalia ;
_v190
500 _aIndices.
650 1 4 _aPoesías populares-
_zEspaña.
_916242
700 1 _aAlín, José María.
_919937
830 0 _aClásicos Castalia ;
_v190
_9178595
852 _aES-MaACL
_jL-15987
_bR.120545
999 _c8483
_d8483